000 00856nam a2200277 i 4500
001 000047615
003 DO-SdBNP
005 20240305140826.0
008 180705s2017 dr 000 spa d
020 _a9789945609103
040 _aDO-SdBNP
_bspa
_cBNPHU
_erda
082 4 _aRD861.44
_bS684h
_222
100 1 _aSolano, Héctor
_eautor
_975248
245 0 _aHebra de oro en mi voz :
_bpoesía /
_cHéctor Solano.
264 _aSanto Domingo :
_bSantuario,
_c2017.
300 _a94 páginas ;
_c24 cm.
336 _2rdacontent
_atexto
_btxt
337 _2rdamedia
_asin mediación
_bn
338 _2rdacarrier
_avolumen
_bnc
490 0 _aFestival de las Letras Sanjuaneras
590 _aInventariado, 2018 /DG
650 4 _aPoesía dominicana
650 4 _aLiteratura dominicana
910 _aValidado. Control de calidad MFF
942 _2ddc
_cLBS1
999 _c47103
_d47103